<?xml version="1.0" encoding="UTF-8"?><?xml-stylesheet type="text/xsl" href="static/style.xsl"?><OAI-PMH xmlns="http://www.openarchives.org/OAI/2.0/" xmlns:xsi="http://www.w3.org/2001/XMLSchema-instance" xsi:schemaLocation="http://www.openarchives.org/OAI/2.0/ http://www.openarchives.org/OAI/2.0/OAI-PMH.xsd"><responseDate>2026-04-17T20:27:42Z</responseDate><request verb="GetRecord" identifier="oai:www.recercat.cat:10256/19396" metadataPrefix="marc">https://recercat.cat/oai/request</request><GetRecord><record><header><identifier>oai:recercat.cat:10256/19396</identifier><datestamp>2024-06-06T08:07:55Z</datestamp><setSpec>com_2072_452966</setSpec><setSpec>com_2072_2054</setSpec><setSpec>col_2072_452969</setSpec></header><metadata><record xmlns="http://www.loc.gov/MARC21/slim" xmlns:dcterms="http://purl.org/dc/terms/" xmlns:xsi="http://www.w3.org/2001/XMLSchema-instance" xmlns:doc="http://www.lyncode.com/xoai" xsi:schemaLocation="http://www.loc.gov/MARC21/slim http://www.loc.gov/standards/marcxml/schema/MARC21slim.xsd">
   <leader>00925njm 22002777a 4500</leader>
   <datafield ind2=" " ind1=" " tag="042">
      <subfield code="a">dc</subfield>
   </datafield>
   <datafield ind2=" " ind1=" " tag="720">
      <subfield code="a">Martin Hidalgo, Melissa</subfield>
      <subfield code="e">author</subfield>
   </datafield>
   <datafield ind2=" " ind1=" " tag="260">
      <subfield code="c">2018-06</subfield>
   </datafield>
   <datafield ind2=" " ind1=" " tag="520">
      <subfield code="a">Actualment al Senegal al voltant d’uns 200.000 nens van casa per casa amb una llauna de tomàquet de cinc quilos buida pidolant menjar, diners i el que vulguin o puguin donar-los. Són els anomenats “nens Talibés”. L’Associació “Els nens de la llauna” (2013) juntament amb una altra Associació han fet el projecte  “Le Royaume des Enfants” (El Regne dels Nens).Un dels objectius d’aquest és la construcció d’un Centre de Dia el qual vol ser una veritable alternativa de suport i protecció a tots aquests nens que no tenen unes mínimes condicions de vida en qüestions tan primordials com són: alimentació, higiene, afecte i una educació que &#xd;
els pot obrir les portes a un futur que ara per a ells és inexistent. L’edifici estarà situat a la ciutat de Rufisque, on la regidora de l’Ajuntament ha cedit una parcel·la per poder desenvolupar-lo. &#xd;
La meva aportació serà la de projectar aquest centre que donarà lloc a un espai destinat a realitzar les diverses activitats organitzades amb l’objectiu de donar a aquests infants la qualitat de vida que no han tingut fins ara i que en un futur puguin integrar-se a la societat. Per tenir unes bases de disseny s’han estudiat aspectes com el clima, la tradició arquitectònica del lloc i els materials locals. Aquest projecte es basarà en tenir sempre molt present la idea de pati interior al voltant i dins del qual es durà a terme l’educació dels nens amb els diferents tipus d’activitats que es desenvoluparan tant al seu interior com a l’exterior</subfield>
   </datafield>
   <datafield ind1="8" ind2=" " tag="024">
      <subfield code="a">http://hdl.handle.net/10256/19396</subfield>
   </datafield>
   <datafield tag="653" ind2=" " ind1=" ">
      <subfield code="a">Arquitectura i infants -- Senegal</subfield>
   </datafield>
   <datafield tag="653" ind2=" " ind1=" ">
      <subfield code="a">Architecture and children -- Senegal</subfield>
   </datafield>
   <datafield tag="653" ind2=" " ind1=" ">
      <subfield code="a">Infants -- Protecció, assistència, etc. -- Senegal</subfield>
   </datafield>
   <datafield tag="653" ind2=" " ind1=" ">
      <subfield code="a">Child welfare -- Senegal</subfield>
   </datafield>
   <datafield ind2="0" ind1="0" tag="245">
      <subfield code="a">Centre de Dia : espai per a la reintegració dels nens talibés</subfield>
   </datafield>
</record></metadata></record></GetRecord></OAI-PMH>